Представление документа в формате RUSMARC

ПолеНазваниеЗначение
  Тип записи a
  Библиографический уровень m
001 Контрольный номер 658c29d08e694538af00e3a48e8f6dbb
005 Дата корректировки 20180115093101.1
010 Индекс ISBN __
a ISBN 978-5-534-01052-7
d Цена 920,70
101 Язык документа 0_
a Язык текста rus
102 Страна публикации __
a Страна публикации RU
200 Заглавие и сведения об ответственности 1_
a Заглавие Информационные системы управления эффективностью бизнеса
b Общее обозначение материала Текст
e Сведения, относящиеся к заглавию Учебник и практикум для бакалаврита и магистратуры
f Первые сведения об ответственности Одинцова Б. Е.
210 Выходные данные 1_
a Место издания М.
c Издательство Издательство Юрайт
d Дата издания 2017
215 Физическое описание __
a Объем 206с.
225 Серия 2_
a Серия Бакалавр и магистр. Модуль
610 Ключевые слова 0_
a Ключевые слова информационные системы
a Ключевые слова информационные системы управления
a Ключевые слова эффективность бизнеса
686 Индексы других классификаций __
a Классификационный индекс 32.97
700 Автор _1
a Фамилия Одинцова Б. Е.
801 Источник записи _0
a Страна RU
b Организация РУК
g Правила каталогизации PSBO
801 Источник записи _1
a Страна RU
b Организация РУК
g Правила каталогизации PSBO
852 Данные о местонахождении __
i Авторский знак О-42
j Шифр хранения 32.97
901 Тип документа __
t Тип документа m
937 Технологическая информация __
a Создатель записи (имя) Носкова
938 Служебная информация __
a Название организации Саранский филиал
952 Тип литературы __
b Гриф литературы для ВШ гриф УМО
c Вид литературы учебник